00433nam a2200169Ia 450000500170000000800410001702000220005804100080008008200150008810000110010324500540011425000120016826000350018030000090021550000280022470000110025220251122100301.0230125s9999 xx 000 0 und d a978-0-241-29713-1 aeng a158.1bREE aReed J aWhy You ? 101 Questions You Will Never Fear Again a1st Ed. c2021bPenguin Random HouseaUK a304p aPersonality Development aReed J